000 01110nam a2200289 a 4500
001 000023572
005 20200930022322.0
008 101214s1966 sp a r 001 0 spa d
040 _aDO-SdBNP
_bspa
_cBNPHU
041 1 7 _aspa
_heng
_2Código de idiomas MARC
082 _a536.7
_bB923p
100 1 _aBuckingham, Amyarnd David,
_948589
240 1 4 _aThe laws and applications of thermodynamics.
_lEspañol.
245 1 4 _aLos principios de la termodinámica y sus aplicaciones /
_cA. D. Buckinghame ; traducción de Antonio Roig.
260 _aMadrid :
_bAlhambra,
_c1966.
300 _aviii, 292 p. :
_bil. ;
_c20 cm.
490 1 _aExedra
_v5
490 1 _aSección III, Físico-Química
_v4
504 _aIncluye notas al pie de las páginas.
534 _pTítulo original en inglés:
_tThe laws and applications of thermodynamics.
_cLondon : Pergamon
500 _aIncluye índice
650 4 _aTermodinámica
_921067
650 4 _aTermodinámica
_xProblemas, ejercicios, etc.
_948590
700 1 _aRoig, Antonio
_etr.
_948591
830 0 _aExedra.
_pSección II, Física ;
_v5
_n4
_948592
049 _aBNGR
999 _c23068
_d23068